Good health of better living (Record no. 26487)

MARC details
000 -LEADER
fixed length control field 00435nam a22001697a 4500
003 - CONTROL NUMBER IDENTIFIER
control field OSt
005 - DATE AND TIME OF LATEST TRANSACTION
control field 20220111104646.0
008 - FIXED-LENGTH DATA ELEMENTS--GENERAL INFORMATION
fixed length control field 220111b |||||||| |||| 00| 0 eng d
040 ## - CATALOGING SOURCE
Transcribing agency Hawassa University
050 ## - LIBRARY OF CONGRESS CALL NUMBER
Classification number 613/JON
082 ## - DEWEY DECIMAL CLASSIFICATION NUMBER
Classification number 613/JON
100 ## - MAIN ENTRY--PERSONAL NAME
Personal name Jones Edwina
9 (RLIN) 3528
111 ## - MAIN ENTRY--MEETING NAME
Location of meeting New Library
9 (RLIN) 27013
245 ## - TITLE STATEMENT
Title Good health of better living
260 ## - PUBLICATION, DISTRIBUTION, ETC.
Place of publication, distribution, etc. USA
Name of publisher, distributor, etc. Laidlaw Brothers inc
Date of publication, distribution, etc. 1957
942 ## - ADDED ENTRY ELEMENTS (KOHA)
Source of classification or shelving scheme Dewey Decimal Classification
Koha item type Books like text book referance book
Suppress in OPAC No
Holdings
Withdrawn status Lost status Source of classification or shelving scheme Damaged status Not for loan Home library Current library Date acquired Total Checkouts Full call number Barcode Date last seen Copy number Price effective from Koha item type
    Dewey Decimal Classification     College of Agriculture Library College of Agriculture Library 01/11/2022   613/JON ALIB0014232 01/11/2022 1 01/11/2022 Books like text book referance book